00714nam a2200217Ia 450000500170000000800410001702000180005804100080007608200180008410000360010224500490013825000200018730000250020750000520023265000500028426400390033433600270037333700330040033800280043304000350046120220317001811.0170328s2016 c g 000 0 s  a9789585894211 aspa04a808.066bH69m1 aHoyos Restrepo, Andrésd1953-10aManual de escrituracAndrés Hoyos Restrepo a3a. impresión a193 páginasc21 cm aIncluye datos biográficos del autor en solapa142LEMBaArte de escribirvManualesxEnseñanza aBogotábLibros Malpensantec2016 atextobtxt2rdacontent asin mediaciónbn2rdamedia avolumenbnc2rdacarrier aCO-BoRNBPbspaerdacCO-BoRNBP